ბათუმის შოთა რუსთაველის სახელმწიფო უნივერსიტეტის ბიბლიოთეკა

ჩვენებურები:დოკუმენტური მოთხრობა თურქეთში მცხოვრებ თანამემამულეებზე და კიდევ სხვა ამბებზე (ბიბ.ჩანაწერი № 48623)

000 -LEADER
fixed length control field 01082nam a2200217Ia 4500
001 - CONTROL NUMBER
control field 15523
003 - CONTROL NUMBER IDENTIFIER
control field GE_BSU
008 - FIXED-LENGTH DATA ELEMENTS--GENERAL INFORMATION
fixed length control field 181216s||||||||xx |||||||||||||| ||und||
040 ## - CATALOGING SOURCE
Transcribing agency GE_BSU
080 ## - UNIVERSAL DECIMAL CLASSIFICATION NUMBER
Universal Decimal Classification number 821.353.1-4+94(=353.1)(560)
100 ## - MAIN ENTRY--PERSONAL NAME
Personal name ჩხაიძე,ალექსანდრე
245 ## - TITLE STATEMENT
Title ჩვენებურები:დოკუმენტური მოთხრობა თურქეთში მცხოვრებ თანამემამულეებზე და კიდევ სხვა ამბებზე
245 ## - TITLE STATEMENT
Statement of responsibility, etc. რედ.ზ.ფირცხალაიშვილი. მხატვ.ზ.ხაბაძე
260 ## - PUBLICATION, DISTRIBUTION, ETC.
Place of publication, distribution, etc. ბათუმი
260 ## - PUBLICATION, DISTRIBUTION, ETC.
Name of publisher, distributor, etc. აჭარა
260 ## - PUBLICATION, DISTRIBUTION, ETC.
Date of publication, distribution, etc. 1991
300 ## - PHYSICAL DESCRIPTION
Extent 272გვ.20სმ.
653 ## - INDEX TERM--UNCONTROLLED
Uncontrolled term დოკუმენტური მოთხრობა თურქეთში მცხოვრებ თანამემამულეებზე და კიდევ სხვა ამბებზე
653 ## - INDEX TERM--UNCONTROLLED
Uncontrolled term ჩვენებურები
942 ## - ADDED ENTRY ELEMENTS (KOHA)
Koha item type წიგნი
ეგზემპლარები
Withdrawn status Lost status Damaged status Not for loan Date acquired Barcode Date last seen Price effective from Koha item type Public note
        2018-12-17 38519 2018-12-17 2018-12-17 წიგნი  
        2018-12-17 38520 2018-12-17 2018-12-17 წიგნი  
        2018-12-17 38521 2018-12-17 2018-12-17 წიგნი  
        2018-12-17 38522 2018-12-17 2018-12-17 წიგნი  
        2018-12-17 38523 2018-12-17 2018-12-17 წიგნი  
        2018-12-17 38524 2018-12-17 2018-12-17 წიგნი  
        2018-12-17 38525 2018-12-17 2018-12-17 წიგნი  
        2018-12-17 38526 2018-12-17 2018-12-17 წიგნი  
        2018-12-17 38527 2018-12-17 2018-12-17 წიგნი  
        2018-12-17 38528 2018-12-17 2018-12-17 წიგნი  
        2018-12-17 38529 2018-12-17 2018-12-17 წიგნი 50თ.